Responses for Show #805 - Friday, February 19, 1988

1988 Teen Tournament final game 2.

Contestants

[<< previous game]

David Javerbaum, a junior from Maplewood, New Jersey (subtotal of $8,000)

David Graham, a senior from Avon, Connecticut (subtotal of $3,500)

Michael Block, a senior from Staten Island, New York (subtotal of $6,500)

[next game >>]

Jeopardy! Round responses

BOTANY
ODD JOBS
'87 CINEMA
HISTORY
SPELLING
(Alex: And in this category, you'll have to spell out the responses.)
HODGEPODGE
    $100 29
[The end-of-round signal sounds.]

jack-o'-lanterns

David
    $100 23
decoy

David
    $100 8
Fatal

Michael
    $100 7
Alaska

David
    $100 20
W-E-I-R-D

DJ
    $100 4
April 1st

DJ
    $200 28
(DJ: What is a ring leader?)

drum major

MichaelDJ
    $200 9
A Nightmare on Elm Street

DJ
    $200 15
Pakistan

DJ
    $200 19
M-A-S-S-A-C-H-U-S-E-T-T-S

DJ
    $200 27
"Casey"

Michael
    $300 26
(DJ: What is a centenary plant?)

century plant

DJ
Triple Stumper
    $300 22
Cartwrights

Michael
    $300 14
Detroit

DJ
    $300 1
Pope

Michael
    $300 18
M-I-S-C-H-I-E-V-O-U-S

DJ
    $300 13
a style of pasta

David
    $400 25
latex

DJ
    $400 21
grinder

Michael
    $400 17
Date with an Angel

DJ
    $400 2
Whiskey Rebellion

Michael
    $500 6
T-H-Y-M-E

Michael
    $400 12
sapphire

Michael
    $500 24
(Alex: We've got a minute to go in this round.)

linseed oil

DJ
    $500 16
(DJ: What is a court reporter?)

court sketchist/artist

MichaelDJ
    $500 11
Arizona

DJ
    $500 3
Douglas MacArthur

David
    $500 5
M-E-D-I-E-V-A-L

Michael
    $500 10
(DJ: What are sweat glands?)

sebaceous glands

DJ
Triple Stumper

Scores at the first commercial break (after clue 10):

Michael David DJ
$1,800 $600 -$200

Scores at the end of the Jeopardy! Round:

Michael David DJ
$3,800 $1,100 $1,700

Double Jeopardy! Round responses

INVENTORS
MONA LISA
"NEW" ON THE MAP
INDIANS
AUTHORS
AMERICAN MUSIC
    $200 17
Deringer pistol

David
    $200 21
(Alex: And we've got a minute to go in the round.)

the Civil War

David
    $200 23
banjo

Michael
    $400 4
steamboat

DJ
    $400 25
New Zealand

David
    $400 26
[The end-of-round signal sounds.]

Seminoles

DJ
    $400 13
Herman Melville

David
    $400 24
(David: What is the speech at the Lincoln Memorial?)

the "I Have A Dream" speech

David
    $600 11
vacuum cleaner

Michael
    $600 14
(DJ: What are paintings that claim to be the original Mona Lisa?)

copies

DJ
    $2,200 18
New Guinea

David
    $600 22
the Black Hills

Michael
    $600 12
Walden

Michael
    $1,100 1
(David: Who is Gershwin?)
(Alex: The song was "Beautiful Dreamer".)

Stephen Foster

David
    $800 10
Thomas Edison

DJ
    $800 19
France

Michael
    $800 8
New Salem

Triple Stumper
    $800 16
Appalachians

David
    $800 7
Carl Sandburg

DJ
    $800 2
ragtime

David
    $1000 9
Tesla

Michael
    $1000 20
(Michael: Who was the man who had the Mona Lisa painted?)

Mona Lisa's husband

Michael
    $1000 6
New South Wales

DJ
    $1000 15
Cherokees

DJ
    $1000 5
Life on the Mississippi

Triple Stumper
    $1000 3
"America the Beautiful"

Triple Stumper

Scores at the end of the Double Jeopardy! Round:

Michael David DJ
$8,600 $5,400 $6,700

[wagering suggestions for these scores]

Final Jeopardy! Round responses

VICE PRESIDENTS
DavidWho are Truman and Ford?
$5,400
DJWho are Truman & Ford?
$6,700
MichaelWho are Ford and Truman?
$6,301
(2 of) Theodore Roosevelt, Harry Truman & Gerald Ford

Final scores:

Michael David DJ
$14,901 $10,800 $13,400

Cumulative scores:

Michael David DJ
$21,401 $14,300 $21,400
Tournament champion: $25,000 2nd runner-up: $14,300 1st runner-up: $21,400

Game dynamics:

Coryat scores:

Michael David DJ
$8,500 $4,900 $6,700
18 R
(including 1 DD),
0 W
13 R
(including 1 DD),
1 W
(including 1 DD)
18 R,
4 W

Combined Coryat: $20,100

[game clues] [game scores] [suggest correction]

Game tape date: 1988-01-05
The J! Archive is created by fans, for fans. Scraping, republication, monetization, and malicious use prohibited; this site may use cookies and collect identifying information. See terms. The Jeopardy! game show and all elements thereof, including but not limited to copyright and trademark thereto, are the property of Jeopardy Productions, Inc. and are protected under law. This website is not affiliated with, sponsored by, or operated by Jeopardy Productions, Inc. Join the discussion at JBoard.tv.